LEADER 01055nam a2200241 u 4500 001 000000109291 003 CaOOAMICUS 005 20081210131515.0 008 080129s1983 it u000 u ita u 040 $aPUL$bita$dLDB 245 03$aIl Mezzogiorno nella ricostuzione /$cGiuseppe Acocella ; a cura di Enzo Nocifora. 260 $aRoma :$bEdizioni Lavoro,$c1983. 300 $a119 p. ;$c21 cm. 490 1 $aInterventi ;$v20 651 4$aItalia meridionale$xStoria economica$ySec. XX.$0(OLS)http://pul/subject/33899 700 1 $aNocifora, Enzo.$0(OLS)http://pul/name/66960 700 1 $aAcocella, Giuseppe.$0(OLS)http://pul/name/48420 830 0$aInterventi (Edizioni lavoro) ;$v20.$0(OLS)http://pul/title/76132 850 $aPUL 852 $aPUL$W1$xDP1 Cons. Gen., Altre Classi 1$y22$m845 C 73$j124920$qStampati$B123653$CPULBib$Z2$F123653 $H64074 $82 941 1 $a8 996 $6245$aIl Mezzogiorno nella ricostuzione$9(OLS)http://pul/title/137496 996 $6260$aRoma :$bEdizioni Lavoro$9(OLS)http://pul/publisher/66881 LEADER 01289nam a2200325 a 4500 001 000000172496 003 CaOOAMICUS 005 20190808163321.0 008 190808s2019 it u000 u ita r 020 $a978-88-13-370022 032 $aLibriCat 040 $aPUL$bita 082 04$a345.45 245 00$aPareri e atti svolti di diritto penale /$ca cura di Bruno Fiammella. 260 $aMilano :$bWolters Kluwer,$cİ2019. 300 $aXIII, 595 p. ;$c24 cm. 490 1 $aFormula Cedam 500 $aSul front.: Formula Cedam esame avvocato. 504 $aBibliografia in nota. 650 4$aDiritto penale$zItalia.$0(OLS)http://pul/subject/10217 700 1 $aFiammella, Bruno.$0(OLS)http://pul/name/109300 830 0$aFormula Cedam.$0(OLS)http://pul/title/201518 850 $aPUL 852 $aPUL$W1$xSL Diritto e Scienze Sociali 3$y79$m345. 45 FIABR 1$j196434$qDDC 21$B201199$CPULBib$Z2$F201199 $H133036 $82 941 1 $a9 996 $6020$a978-88-13-370022$9(OLS)http://pul/number/166573 996 $6082$a345.45$9(OLS)http://pul/classification/371 996 $6245$aPareri e atti svolti di diritto penale$9(OLS)http://pul/title/213446 996 $6260$aMilano :$bWolters Kluwer$9(OLS)http://pul/publisher/87159